000 00550cac a22001691u 4500
008 081102t2004 xxu|||||r|||| 00| 0 eng d
020 _a0070482845
020 _a9788120322110
082 _a001.642
_bSRI
_222
100 _aSriram, V Iyer
_917864
245 _aEmbedded realtime systems programming /
_cV Iyer Sriram.
260 _aNew Delhi :
_bTata McGraw-Hill,
_c2004.
300 _a321 p. :
_bill. ;
_c24 cm.
500 _aIncludes index.
650 _aSystems programming (Computer science).
_917865
942 _cBB
_k001.642S77426
_2ddc
999 _c758
_d758